| 000 | 00439nam a2200181Ia 4500 | ||
|---|---|---|---|
| 001 | 23469 | ||
| 005 | 20260414150939.0 | ||
| 008 | 260414t2017||||xx |||||||||||||| ||spa|| | ||
| 041 | _aESP | ||
| 082 |
_a650.01513 _bV66 2017 |
||
| 100 |
_aVillalobos, José Luis _eAUT |
||
| 245 | 0 |
_aMatemáticas financieras _b |
|
| 260 | _c2017 | ||
| 300 |
_axi, 423 páginas : _c25 cm. |
||
| 650 | _aGEN | ||
| 654 | _aCCO | ||
| 942 |
_cLIB _dJUS _fJUS _2ddc _n |
||
| 999 |
_c23469 _d23469 |
||